Cathedrales et monasteres d´Espagne (Record no. 7551)

MARC details
000 -CABECERA
campo de control de longitud fija 00784nam a2200253 a 4500
001 - NÚMERO DE CONTROL
campo de control BRCA_7877
005 - FECHA Y HORA DE LA ÚLTIMA TRANSACCIÓN
campo de control 20190320210033.0
008 - DATOS DE LONGITUD FIJA--INFORMACIÓN GENERAL
campo de control de longitud fija 191113s1965----fr-a######---#000-0#fre-#
041 ## - CÓDIGO DE LENGUA
Código de lengua del texto/banda sonora o título independiente fre
044 ## - CÓDIGO DEL PAÍS DE LA ENTIDAD EDITORA/PRODUCTORA
Código MARC del país fr
050 #4 - SIGNATURA TOPOGRÁFICA DE LA BIBLIOTECA DEL CONGRESO
Número de clasificación NA5801
Número de documento/Ítem .R34 1965
100 1# - ENTRADA PRINCIPAL--NOMBRE DE PERSONA
Nombre de persona Rahlves, Friedrich
9 (RLIN) 19482
245 10 - MENCIÓN DE TÍTULO
Título Cathedrales et monasteres d´Espagne
Mención de responsabilidad, etc. Friedrich Rahlves ; traduit de l´allemand par Monique Bittebierre.
260 ## - PUBLICACIÓN, DISTRIBUCIÓN, ETC.
Lugar de publicación, distribución, etc. París
Nombre del editor, distribuidor, etc. B. Arthaud
Fecha de publicación, distribución, etc. 1965
300 ## - DESCRIPCIÓN FÍSICA
Extensión 340 p.
Otras características físicas il., 167 láminas
Dimensiones 23 cm.
440 #0 - MENCIÓN DE SERIE/PUNTO DE ACCESO ADICIONAL--TÍTULO
Título Art et paysages
Designación de volumen o secuencia 25
9 (RLIN) 19483
500 ## - NOTA GENERAL
Nota general Y147
650 14 - PUNTO DE ACCESO ADICIONAL DE MATERIA--TÉRMINO DE MATERIA
Término de materia o nombre geográfico como elemento de entrada Catedrales
9 (RLIN) 7862
650 14 - PUNTO DE ACCESO ADICIONAL DE MATERIA--TÉRMINO DE MATERIA
Término de materia o nombre geográfico como elemento de entrada Conventos y monasterios
Subdivisión geográfica España
9 (RLIN) 13116
650 14 - PUNTO DE ACCESO ADICIONAL DE MATERIA--TÉRMINO DE MATERIA
Término de materia o nombre geográfico como elemento de entrada Arquitectura religiosa
Subdivisión geográfica España
9 (RLIN) 7863
700 1# - PUNTO DE ACCESO ADICIONAL--NOMBRE DE PERSONA
Nombre de persona Bittebierre, Monique
Término indicativo de función/relación tr.
9 (RLIN) 19484
902 ## - CATALOGADOR
Iniciales GFM
942 ## - ELEMENTOS DE PUNTO DE ACCESO ADICIONAL (KOHA)
Fuente del sistema de clasificación o colocación Library of Congress Classification
Tipo de ítem Koha Libros
Holdings
Estado de retiro Estado de pérdida Estado dañado No para préstamo Localización permanente Ubicación/localización actual Fecha de adquisición Número de inventario Total de préstamos Signatura topográfica completa Código de barras Fecha visto por última vez Precio válido a partir de Tipo de ítem Koha
El ejemplar forma parte de la colección y puede ser consultado según las políticas vigentes.       Biblioteca del Museo Franz Mayer (Rogerio Casas-Alatriste) Biblioteca del Museo Franz Mayer (Rogerio Casas-Alatriste) 19/11/2013 Y147   NA5801 .R34 1965 (Y147) 8488 22/03/2019 22/03/2019 Libros